000 01005nam a22002777a 4500
001 3851
003 FISKH
005 20240517083206.0
008 240516b cb ||||| |||| 00| 0 eng d
020 _a9771757426009
040 _aFISKH
_beng
_cFISKH
_dFISKH
050 _aPZ7
082 _a920.02
100 _aTames, Richard
245 _aFamous people :
_bDisney's wonderful world of knowledge /
260 _aBrussels :
_bPaperview Europe Books,
_c2010.
300 _a 57 pages :
_bcolor illustrations ;
_c26 cm
490 _aDisney
505 _aP
520 _aPeople shape the world. Kings and queens, scientists and soldiers, presidents and prophets have changed the way we live, how we think and what we believe. Every country has proud stories of heroes and heroines who made a difference.
521 8 _a640
_bLexile estimate
521 8 _aP
_bRaz-Plus
650 _aFamous people
_xWonderful world of knowledge
942 _2ddc
_cBK
_n0
999 _c3851
_d3851